| 000 | 00727nam a2200229Ii 4500 | ||
|---|---|---|---|
| 003 | JO-AjNU | ||
| 008 | 230605s9999||||xx |||||||||||||| ||und|| | ||
| 017 | _a2010/11/4336 | ||
| 020 | _a978-9957-194-8 | ||
| 040 |
_aJO-AjNU _bara _erda _cJO-AjNU |
||
| 041 | _aara | ||
| 050 | 1 | 4 | _aPJ7862.A77.S53 2011 |
| 100 | 3 |
_aتأليف عودة، أحمد عبد الحميد (هاشم عودة), _eauthor _950143 |
|
| 245 | 0 | 0 | _aالشمعة والدرويش: حميد سعيد يتحدث |
| 250 | _aط1 | ||
| 264 | 3 | 1 | _aعمان:دار دجلة،2011 |
| 300 | _a205ص | ||
| 336 |
_atext _btxt _2rdacontent |
||
| 337 |
_aunmediated _bn _2rdamedia |
||
| 338 |
_avolume _bnc _2rdacarrier |
||
| 650 | 4 |
_aالأدب العربي _950144 |
|
| 999 |
_aA22070 _c25638 _d25638 |
||